000 01058camaa2200337M 4500
001 93456
005 20230410132922.0
008 900725s1977 sp 000 0 spa d
035 _a(OCoLC)ocn433782053
040 _aBNM
_bspa
_cBNM
016 7 _abimoBNE19971489125
_2SpMaBN
017 _aM 17831-1977
020 _a9788424934814
035 _a(OCoLC)433782053
050 1 4 _aB 171
_bB582 1977
049 _aGRAL
100 0 _aPseudo Calístenes.
130 1 _aBiblioteca Clásica Gredos
245 1 0 _aVida y hazañas de Alejandro de Macedonia /
_cPseudo Calístenes ; traducción, prólogo y notas de Carlos García Gual.
260 _aMadrid :
_bEditorial Gredos,
_c1977.
300 _a226 p., 1 h. ;
_c30 cm.
440 0 _aBiblioteca Clásica Gredos;
_vn.1
650 0 _aPhilosophy, Classical.
650 0 _aPhilosophy, Ancient.
650 0 _aPhilosophers, Ancient
_xBiography
600 1 0 _aAlexander, the Great,
_d356-323 B.C.
700 1 _aGarcía Gual, Carlos
_d1943-
942 _2lcc
_cbk
946 _amjcruz
994 _aC0
_bDRFGD
999 _c90186
_d90186